Every Country To Fight In a World War - Statistics

General Stats
  • This quiz has been taken 41 times
  • The average score is 42 of 60
Answer Stats
Country % Correct
Canada
97%
United Kingdom
97%
Australia
94%
South Africa
94%
Germany (Duh!)
92%
Japan
92%
Brazil
89%
China
89%
France
89%
United States
89%
Austria-Hungary
86%
Belgium
86%
Denmark
86%
Greece
86%
Norway
86%
Poland
86%
Romania
86%
Soviet Union
86%
Finland
83%
Netherlands
83%
New Zealand
83%
Italy
81%
Luxembourg
81%
Mexico
81%
Turkey
81%
Bulgaria
78%
Yugoslavia
78%
Iran
75%
Portugal
75%
Albania
72%
Argentina
72%
Iraq
69%
Egypt
67%
Thailand
67%
Cuba
64%
Czechoslovakia
64%
Serbia
64%
Panama
61%
Spain
61%
Venezuela
61%
Ethiopia
58%
Guatemala
58%
Haiti
58%
Afghanistan
56%
Costa Rica
56%
Mongolia
56%
Uruguay
56%
Dominican Republic
53%
Ecuador
53%
Honduras
53%
Ottoman Empire
53%
San Marino
53%
Nicaragua
50%
Saudi Arabia
50%
Montenegro
47%
Liberia
39%
Bolivia
33%
Russian Empire
28%
Nepal
25%
Tonga
19%
No matching quizzes found
Score Distribution
Percent of People with Each Score
Percentile by Number Answered
Your Score History
You have not taken this quiz